000 00388nam a2200133Ia 4500
003 GCL
008 140319s9999 xx 000 0 ara d
040 _aGCL /
_cGCL
082 0 4 _a610.031
_bع م
245 1 0 _aالموسوعة الطبية العربية: دائرة معارف طبية عربية مصورة
260 _a[S.N] :
_bدار القادسية
300 _a344 ص
490 _a
999 _c54956
_d54956